Loading...
Social Science | 2 | 4 | 1 | 3 | 65 | 54 | 104.00 | 3 | 4 |
Fine Arts - Other Fine Arts | 0 | 4 | 1 | 1 | 35 | 120 | 133.50 | 0 | 2 |
Fine Arts - Classical Music | 0 | 3 | 1 | 1 | 25 | 88 | 112.00 | 0 | 2 |
Literature - Drama | 1 | 1 | 0 | 0 | 25 | 68 | 95.00 | 1 | 2 |
Literature - Short Fiction | 1 | 1 | 0 | 0 | 25 | 46 | 76.00 | 0 | 1 |
Philosophy | 0 | 3 | 1 | 1 | 25 | 105 | 118.33 | 0 | 0 |
Literature - Long Fiction | 0 | 1 | 0 | 0 | 10 | 123 | 123.00 | 0 | 1 |
Science - Biology | 0 | 1 | 0 | 1 | 10 | 140 | 140.00 | 0 | 0 |
Literature - Poetry | 0 | 1 | 1 | 0 | 5 | 126 | 126.00 | 0 | 0 |
Other Academic | 0 | 1 | 1 | 0 | 5 | 85 | 85.00 | 0 | 1 |
Science - Other Science | 0 | 0 | 0 | 0 | 0 | 0.00 | 0 | 0 | |
Religion | 0 | 0 | 1 | 0 | -5 | 0.00 | 0 | 0 | |
Mythology | 0 | 0 | 1 | 0 | -5 | 0.00 | 0 | 0 |